[Event "DEM U16 2021"]
[Site "Willingen GER"]
[Date "2021.08.29"]
[Round "9"]
[White "Lohmann, Laurin"]
[Black "Klugstedt, Vincent C."]
[Result "1/2-1/2"]
[Termination "normal"]
[Board "14"]
[WhiteElo "1810"]
[BlackElo "1932"]
[WhiteClock "00:12:48"]
[BlackClock "00:21:18"]
[PlyCount "103"]
[WhiteFideId "16281594"]
[BlackFideId "16216393"]
[EventCountry "GER"]
[EventRounds "9"]
[EventType "swiss"]
[EventDate "2021.08.22"]

1. e4 {[%clk 1:30:53]} c5 {[%clk 1:30:49]} 2. d3 {[%clk 1:31:16]} Nc6 {[%clk
1:30:26]} 3. f4 {[%clk 1:31:33]} g6 {[%clk 1:30:02]} 4. Nf3 {[%clk 1:31:49]}
Bg7 {[%clk 1:29:57]} 5. c3 {[%clk 1:30:20]} e6 {[%clk 1:27:12]} 6. g3 {[%clk
1:26:04]} Nge7 {[%clk 1:26:08]} 7. Bg2 {[%clk 1:25:39]} O-O {[%clk 1:25:35]} 8.
O-O {[%clk 1:25:19]} d6 {[%clk 1:25:11]} 9. Qe2 {[%clk 1:20:05]} e5 {[%clk
1:19:59]} 10. Be3 {[%clk 1:13:49]} b6 {[%clk 1:19:42]} 11. Na3 {[%clk 1:03:54]}
Ba6 {[%clk 1:09:43]} 12. Rfd1 {[%clk 0:57:05]} Qc7 {[%clk 1:05:38]} 13. Rd2
{[%clk 0:48:30]} f5 {[%clk 1:03:24]} 14. Ng5 {[%clk 0:46:32]} Bc8 {[%clk
1:00:35]} 15. Nb5 {[%clk 0:42:59]} Qd7 {[%clk 0:55:44]} 16. d4 {[%clk 0:39:55]}
Nxd4 {[%clk 0:42:17]} 17. cxd4 {[%clk 0:38:53]} cxd4 {[%clk 0:42:30]} 18. Bf2
{[%clk 0:37:20]} Ba6 {[%clk 0:41:14]} 19. a4 {[%clk 0:35:35]} Rac8 {[%clk
0:41:22]} 20. exf5 {[%clk 0:31:23]} gxf5 {[%clk 0:39:50]} 21. Re1 {[%clk
0:28:05]} h6 {[%clk 0:37:45]} 22. Nf3 {[%clk 0:25:31]} Ng6 {[%clk 0:36:59]} 23.
Nfxd4 {[%clk 0:20:45]} exd4 {[%clk 0:35:24]} 24. Bd5+ {[%clk 0:21:05]} Kh7
{[%clk 0:35:07]} 25. Be6 {[%clk 0:21:27]} Qc6 {[%clk 0:33:30]} 26. Bxc8 {[%clk
0:21:46]} Bxc8 {[%clk 0:33:42]} 27. Bxd4 {[%clk 0:21:14]} Bb7 {[%clk 0:32:54]}
28. Qg2 {[%clk 0:13:57]} Qd7 {[%clk 0:26:37]} 29. Qf2 {[%clk 0:13:35]} Qc6
{[%clk 0:26:05]} 30. Kf1 {[%clk 0:11:02]} Qh1+ {[%clk 0:24:20]} 31. Ke2 {[%clk
0:10:39]} Qe4+ {[%clk 0:21:37]} 32. Qe3 {[%clk 0:09:25]} Qc6 {[%clk 0:19:08]}
33. Kd1 {[%clk 0:09:11]} Rf7 {[%clk 0:14:18]} 34. Qc3 {[%clk 0:07:28]} Qd5
{[%clk 0:13:21]} 35. Bxg7 {[%clk 0:07:20]} Qa2 {[%clk 0:13:28]} 36. Nxd6 {[%clk
0:05:46]} Rxg7 {[%clk 0:12:26]} 37. Nxb7 {[%clk 0:05:00]} Qa1+ {[%clk 0:12:19]}
38. Qc1 {[%clk 0:03:36]} Qxa4+ {[%clk 0:12:41]} 39. b3 {[%clk 0:02:25]} Qxb3+
{[%clk 0:12:47]} 40. Qc2 {[%clk 0:02:47]} Qf3+ {[%clk 0:12:38]} 41. Kc1 {[%clk
0:02:31]} Qxb7 {[%clk 0:11:28]} 42. Qxf5 {[%clk 0:30:06]} Qa6 {[%clk 0:34:44]}
43. Qb1 {[%clk 0:28:04]} Qa5 {[%clk 0:32:32]} 44. Kd1 {[%clk 0:22:49]} Qh5+
{[%clk 0:30:01]} 45. Ree2 {[%clk 0:22:13]} Qf3 {[%clk 0:30:02]} 46. Qe4 {[%clk
0:21:30]} Qa3 {[%clk 0:25:32]} 47. Ke1 {[%clk 0:18:21]} Qc5 {[%clk 0:22:59]}
48. Kf1 {[%clk 0:16:34]} Rf7 {[%clk 0:22:23]} 49. Kg2 {[%clk 0:13:41]} Re7
{[%clk 0:21:33]} 50. Qf3 {[%clk 0:13:50]} Nh4+ 51. gxh4 {[%clk 0:13:59]} Rg7+
{[%clk 0:21:18]} 52. Qg3 {[%clk 0:12:48]} 1/2-1/2

[Event "DEM U16w 2021"]
[Site "Willingen GER"]
[Date "2021.08.23"]
[Round "1"]
[White "Doll, Rebecca"]
[Black "Kalina, Lena"]
[Result "1/2-1/2"]
[Termination "normal"]
[Board "1"]
[WhiteElo "1803"]
[BlackElo "1605"]
[WhiteClock "00:11:40"]
[BlackClock "00:17:04"]
[PlyCount "96"]
[WhiteFideId "16236890"]
[BlackFideId "12988014"]
[EventCountry "GER"]
[EventRounds "9"]
[EventType "swiss"]
[EventDate "2021.08.22"]

1. e4 {[%clk 1:30:45]} c5 {[%clk 1:30:54]} 2. Nf3 {[%clk 1:30:59]} Nc6 {[%clk
1:31:17]} 3. d4 {[%clk 1:31:24]} cxd4 {[%clk 1:31:41]} 4. Nxd4 {[%clk 1:31:41]}
g6 {[%clk 1:32:02]} 5. c4 {[%clk 1:31:59]} Bg7 {[%clk 1:32:13]} 6. Be3 {[%clk
1:32:15]} Nf6 {[%clk 1:32:17]} 7. Nc3 {[%clk 1:32:13]} d6 {[%clk 1:32:09]} 8.
Be2 {[%clk 1:32:37]} O-O {[%clk 1:31:59]} 9. O-O {[%clk 1:33:01]} Nxd4 {[%clk
1:29:57]} 10. Bxd4 {[%clk 1:33:22]} Be6 {[%clk 1:26:57]} 11. f4 {[%clk
1:31:20]} Qa5 {[%clk 1:23:51]} 12. Kh1 {[%clk 1:21:37]} Rfc8 {[%clk 1:18:34]}
13. Nd5 {[%clk 1:07:13]} Bxd5 {[%clk 1:11:16]} 14. exd5 {[%clk 1:06:35]} Nd7
{[%clk 1:03:09]} 15. Bxg7 {[%clk 0:52:23]} Kxg7 {[%clk 1:03:25]} 16. Bg4 {[%clk
0:49:43]} Rc7 {[%clk 0:57:08]} 17. Bxd7 {[%clk 0:48:52]} Rxd7 {[%clk 0:57:26]}
18. Qd4+ {[%clk 0:46:22]} Kg8 {[%clk 0:55:12]} 19. f5 {[%clk 0:37:50]} Qc5
{[%clk 0:48:51]} 20. Qf4 {[%clk 0:35:27]} Rf8 {[%clk 0:34:14]} 21. Rf3 {[%clk
0:30:15]} Kg7 {[%clk 0:22:20]} 22. fxg6 {[%clk 0:21:58]} hxg6 {[%clk 0:22:27]}
23. Rh3 {[%clk 0:19:42]} f6 {[%clk 0:16:34]} 24. Qh6+ {[%clk 0:16:13]} Kf7
{[%clk 0:16:56]} 25. Qh7+ {[%clk 0:16:29]} Ke8 {[%clk 0:17:21]} 26. Qxg6+
{[%clk 0:16:25]} Kd8 27. Qc2 {[%clk 0:09:22]} Rc7 {[%clk 0:15:12]} 28. a3
{[%clk 0:06:10]} Qxd5 {[%clk 0:11:39]} 29. Rc3 {[%clk 0:05:16]} Qh5 {[%clk
0:06:22]} 30. Rd1 {[%clk 0:04:11]} b6 {[%clk 0:02:38]} 31. b4 {[%clk 0:03:45]}
Kc8 {[%clk 0:01:57]} 32. h3 {[%clk 0:03:27]} Kb8 {[%clk 0:01:39]} 33. Rd5
{[%clk 0:02:45]} Qh4 {[%clk 0:00:54]} 34. c5 {[%clk 0:02:24]} Rfc8 {[%clk
0:00:56]} 35. c6 {[%clk 0:02:00]} Qe1+ {[%clk 0:00:59]} 36. Kh2 {[%clk
0:02:26]} Qf1 {[%clk 0:01:20]} 37. b5 {[%clk 0:01:59]} a6 {[%clk 0:00:46]} 38.
a4 {[%clk 0:01:27]} a5 {[%clk 0:00:39]} 39. Qf5 {[%clk 0:01:06]} Qa1 {[%clk
0:00:39]} 40. Rc4 {[%clk 0:01:17]} Qa2 {[%clk 0:00:40]} 41. Re4 {[%clk
0:00:57]} Rg8 {[%clk 0:29:15]} 42. Rg4 {[%clk 0:23:42]} Rxg4 {[%clk 0:28:49]}
43. hxg4 {[%clk 0:20:33]} Qxa4 {[%clk 0:28:21]} 44. Qg6 {[%clk 0:14:19]} Qf4+
{[%clk 0:25:55]} 45. Kh3 {[%clk 0:11:49]} Qe3+ {[%clk 0:24:43]} 46. Kh2 {[%clk
0:12:01]} Qf4+ {[%clk 0:21:53]} 47. Kh3 {[%clk 0:11:20]} Qe3+ {[%clk 0:17:04]}
48. Kh2 {[%clk 0:11:40]} Qf4+ 1/2-1/2

[Event "DEM U16w 2021"]
[Site "Willingen GER"]
[Date "2021.08.23"]
[Round "1"]
[White "Schneider, Anna"]
[Black "Dietz, Kristin"]
[Result "0-1"]
[Termination "normal"]
[Board "2"]
[WhiteElo "1686"]
[BlackElo "1933"]
[WhiteClock "00:04:46"]
[BlackClock "00:19:54"]
[PlyCount "92"]
[WhiteFideId "16200527"]
[BlackFideId "12993743"]
[EventCountry "GER"]
[EventRounds "9"]
[EventType "swiss"]
[EventDate "2021.08.22"]

1. e4 {[%clk 1:30:57]} c5 {[%clk 1:30:55]} 2. Nf3 {[%clk 1:31:22]} e6 {[%clk
1:31:20]} 3. Nc3 {[%clk 1:31:48]} Nc6 {[%clk 1:31:30]} 4. d4 {[%clk 1:32:01]}
cxd4 {[%clk 1:30:54]} 5. Nxd4 {[%clk 1:32:14]} a6 {[%clk 1:27:59]} 6. Be3
{[%clk 1:30:07]} Qc7 {[%clk 1:26:47]} 7. f4 {[%clk 1:23:24]} Bb4 {[%clk
1:22:51]} 8. Bd3 {[%clk 1:13:24]} Nge7 {[%clk 1:00:07]} 9. O-O {[%clk 1:03:18]}
d6 {[%clk 0:55:23]} 10. Qf3 {[%clk 0:48:53]} Nxd4 {[%clk 0:51:27]} 11. Bxd4
{[%clk 0:48:22]} Bc5 {[%clk 0:51:41]} 12. Bxc5 {[%clk 0:45:56]} dxc5 {[%clk
0:50:50]} 13. f5 {[%clk 0:38:38]} O-O {[%clk 0:45:55]} 14. f6 {[%clk 0:35:49]}
gxf6 {[%clk 0:45:54]} 15. Qxf6 {[%clk 0:34:10]} Ng6 {[%clk 0:45:07]} 16. Rf3
{[%clk 0:26:12]} Qe5 {[%clk 0:44:26]} 17. Raf1 {[%clk 0:25:05]} Qxf6 {[%clk
0:43:24]} 18. Rxf6 {[%clk 0:25:25]} b5 {[%clk 0:42:51]} 19. Be2 {[%clk
0:23:47]} Bb7 {[%clk 0:42:33]} 20. Bh5 {[%clk 0:18:11]} Rad8 {[%clk 0:41:22]}
21. R1f2 {[%clk 0:17:16]} Kg7 {[%clk 0:34:55]} 22. Bxg6 {[%clk 0:14:53]} hxg6
{[%clk 0:35:17]} 23. e5 {[%clk 0:13:36]} Bc6 {[%clk 0:31:08]} 24. R6f4 {[%clk
0:12:08]} Rd4 {[%clk 0:23:27]} 25. Rxd4 {[%clk 0:10:46]} cxd4 {[%clk 0:23:51]}
26. Ne2 {[%clk 0:11:06]} Rd8 {[%clk 0:24:13]} 27. Nf4 {[%clk 0:11:07]} Be4
{[%clk 0:21:00]} 28. Rd2 {[%clk 0:10:33]} g5 {[%clk 0:19:48]} 29. Nd3 {[%clk
0:08:26]} Bxd3 {[%clk 0:19:41]} 30. Rxd3 {[%clk 0:08:48]} Kg6 {[%clk 0:20:04]}
31. Kf2 {[%clk 0:08:40]} Kf5 {[%clk 0:20:28]} 32. Rf3+ {[%clk 0:08:44]} Kxe5
{[%clk 0:20:19]} 33. Rxf7 {[%clk 0:08:56]} Rc8 {[%clk 0:20:27]} 34. Kg3 {[%clk
0:06:06]} Rxc2 {[%clk 0:20:36]} 35. Rf2 {[%clk 0:06:17]} Rxf2 {[%clk 0:20:39]}
36. Kxf2 {[%clk 0:06:42]} Ke4 {[%clk 0:19:26]} 37. Ke2 {[%clk 0:06:09]} e5
{[%clk 0:19:49]} 38. g3 {[%clk 0:05:39]} g4 {[%clk 0:19:59]} 39. b3 {[%clk
0:05:03]} b4 {[%clk 0:20:16]} 40. Kf2 {[%clk 0:04:40]} d3 {[%clk 0:18:58]} 41.
Ke1 {[%clk 0:03:08]} Ke3 {[%clk 0:18:29]} 42. Kd1 {[%clk 0:03:32]} d2 {[%clk
0:18:48]} 43. a4 {[%clk 0:03:43]} bxa3 {[%clk 0:19:11]} 44. h4 {[%clk 0:04:04]}
a2 {[%clk 0:19:28]} 45. h5 {[%clk 0:04:26]} a1=Q+ {[%clk 0:19:54]} 46. Kc2
{[%clk 0:04:46]} d1=Q# 0-1

[Event "DEM U16w 2021"]
[Site "Willingen GER"]
[Date "2021.08.23"]
[Round "1"]
[White "Heutling, Elina"]
[Black "Zöllner, Bente"]
[Result "1-0"]
[Termination "normal"]
[Board "3"]
[WhiteElo "1919"]
[BlackElo "1620"]
[WhiteClock "00:03:10"]
[BlackClock "00:00:58"]
[PlyCount "79"]
[WhiteFideId "16244729"]
[BlackFideId "16230523"]
[EventCountry "GER"]
[EventRounds "9"]
[EventType "swiss"]
[EventDate "2021.08.22"]

1. e4 {[%clk 1:30:57]} c5 {[%clk 1:30:51]} 2. Nf3 {[%clk 1:31:19]} Nc6 {[%clk
1:31:11]} 3. d4 {[%clk 1:31:37]} cxd4 {[%clk 1:31:31]} 4. Nxd4 {[%clk 1:32:01]}
g6 {[%clk 1:31:46]} 5. c4 {[%clk 1:30:17]} Nf6 {[%clk 1:30:41]} 6. Nc3 {[%clk
1:30:00]} Bg7 {[%clk 1:30:27]} 7. Be3 {[%clk 1:30:14]} O-O {[%clk 1:28:42]} 8.
Be2 {[%clk 1:27:32]} d6 {[%clk 1:27:21]} 9. f3 {[%clk 1:24:57]} a5 {[%clk
1:25:22]} 10. b3 {[%clk 1:19:21]} Bd7 {[%clk 1:23:20]} 11. Qd2 {[%clk 1:18:28]}
Nxd4 {[%clk 1:21:23]} 12. Bxd4 {[%clk 1:18:51]} Bc6 {[%clk 1:20:18]} 13. Rb1
{[%clk 1:17:19]} Nd7 {[%clk 1:16:35]} 14. Be3 {[%clk 1:17:05]} Nc5 {[%clk
1:14:28]} 15. O-O {[%clk 1:15:30]} Qb6 {[%clk 1:10:54]} 16. Rfc1 {[%clk
1:01:37]} Rfc8 {[%clk 1:06:17]} 17. Bf2 {[%clk 0:56:30]} Qd8 {[%clk 1:00:14]}
18. Rd1 {[%clk 0:45:13]} h5 {[%clk 0:50:30]} 19. Qc2 {[%clk 0:39:50]} Qc7
{[%clk 0:40:47]} 20. a3 {[%clk 0:36:16]} Kh7 {[%clk 0:30:05]} 21. Rb2 {[%clk
0:26:09]} Be5 {[%clk 0:18:48]} 22. Ra2 {[%clk 0:18:08]} Ne6 {[%clk 0:15:29]}
23. Bf1 {[%clk 0:14:30]} Bd4 {[%clk 0:10:29]} 24. Bxd4 {[%clk 0:13:32]} Nxd4
{[%clk 0:10:04]} 25. Rxd4 {[%clk 0:13:35]} Qb6 {[%clk 0:09:54]} 26. Qf2 {[%clk
0:12:43]} Kg7 {[%clk 0:07:24]} 27. Rb2 {[%clk 0:09:09]} Qc7 {[%clk 0:04:07]}
28. Nd5 {[%clk 0:08:41]} Bxd5 {[%clk 0:03:20]} 29. Rxd5 {[%clk 0:08:44]} Qc6
{[%clk 0:02:45]} 30. Qd4+ {[%clk 0:08:38]} f6 {[%clk 0:02:57]} 31. Rb5 {[%clk
0:05:54]} Qc7 {[%clk 0:00:35]} 32. Qb6 {[%clk 0:04:25]} Qxb6+ {[%clk 0:00:36]}
33. Rxb6 {[%clk 0:04:52]} Rc7 {[%clk 0:01:01]} 34. Rc2 {[%clk 0:03:24]} Kf7
{[%clk 0:00:44]} 35. c5 {[%clk 0:03:19]} dxc5 {[%clk 0:00:51]} 36. Bc4+ {[%clk
0:03:22]} Ke8 {[%clk 0:01:04]} 37. Bd5 {[%clk 0:02:43]} Ra7 {[%clk 0:00:55]}
38. Rb5 {[%clk 0:02:35]} b6 {[%clk 0:00:36]} 39. Rxb6 {[%clk 0:02:51]} Kd7
{[%clk 0:00:58]} 40. Be6+ {[%clk 0:03:10]} 1-0

[Event "DEM U16w 2021"]
[Site "Willingen GER"]
[Date "2021.08.23"]
[Round "1"]
[White "Albayrak, Nese Pinar"]
[Black "Peglau, Mirjam"]
[Result "1-0"]
[Termination "normal"]
[Board "4"]
[WhiteElo "1546"]
[BlackElo "1906"]
[WhiteClock "00:05:55"]
[BlackClock "00:01:59"]
[PlyCount "119"]
[WhiteFideId "16255259"]
[BlackFideId "16211138"]
[EventCountry "GER"]
[EventRounds "9"]
[EventType "swiss"]
[EventDate "2021.08.22"]

1. e4 {[%clk 1:30:56]} d5 {[%clk 1:30:56]} 2. exd5 {[%clk 1:31:19]} Qxd5 {[%clk
1:31:24]} 3. Nc3 {[%clk 1:31:35]} Qa5 {[%clk 1:31:47]} 4. d4 {[%clk 1:31:37]}
c6 {[%clk 1:32:09]} 5. Nf3 {[%clk 1:30:46]} Bg4 {[%clk 1:32:15]} 6. h3 {[%clk
1:30:41]} Bh5 {[%clk 1:31:31]} 7. g4 {[%clk 1:20:29]} Bg6 {[%clk 1:29:20]} 8.
Bd2 {[%clk 1:17:45]} Qc7 {[%clk 1:27:39]} 9. Ne5 {[%clk 1:10:33]} Nd7 {[%clk
1:25:32]} 10. Nxg6 {[%clk 1:09:27]} hxg6 {[%clk 1:25:42]} 11. Bc4 {[%clk
0:57:36]} e6 {[%clk 1:19:43]} 12. Bb3 {[%clk 0:53:51]} Ngf6 {[%clk 1:16:59]}
13. Qf3 {[%clk 0:50:13]} Bd6 {[%clk 0:51:37]} 14. O-O-O {[%clk 0:48:16]} Nb6
{[%clk 0:45:19]} 15. Rde1 {[%clk 0:39:16]} O-O-O {[%clk 0:43:31]} 16. Ne4
{[%clk 0:34:10]} Nxe4 {[%clk 0:40:31]} 17. Rxe4 {[%clk 0:30:32]} Rd7 {[%clk
0:36:10]} 18. c4 {[%clk 0:19:53]} c5 {[%clk 0:33:37]} 19. dxc5 {[%clk 0:20:04]}
Bxc5 {[%clk 0:30:28]} 20. Bc3 {[%clk 0:15:06]} Rhd8 {[%clk 0:23:53]} 21. Rd1
{[%clk 0:13:26]} Qc6 {[%clk 0:20:12]} 22. Rxd7 {[%clk 0:05:21]} Rxd7 {[%clk
0:20:02]} 23. Qe2 {[%clk 0:05:08]} Bxf2 {[%clk 0:14:23]} 24. Bxg7 {[%clk
0:05:02]} Bc5 {[%clk 0:10:20]} 25. Bf6 {[%clk 0:03:47]} Qd6 {[%clk 0:06:50]}
26. Bc2 {[%clk 0:03:12]} Qg3 {[%clk 0:06:07]} 27. Qf1 {[%clk 0:02:41]} Bb4
{[%clk 0:02:47]} 28. Be5 {[%clk 0:02:46]} Qh4 {[%clk 0:02:21]} 29. g5 {[%clk
0:02:07]} Qxg5+ {[%clk 0:02:17]} 30. Bf4 {[%clk 0:02:30]} Bd2+ {[%clk 0:02:43]}
31. Bxd2 {[%clk 0:02:53]} Qxd2+ {[%clk 0:03:07]} 32. Kb1 {[%clk 0:03:16]} Qh2
{[%clk 0:02:03]} 33. Rh4 {[%clk 0:02:05]} Qe5 {[%clk 0:01:50]} 34. Re4 {[%clk
0:01:57]} Qf5 {[%clk 0:00:56]} 35. Rf4 {[%clk 0:02:04]} Rd1+ {[%clk 0:00:44]}
36. Qxd1 {[%clk 0:02:30]} Qxf4 {[%clk 0:01:12]} 37. b3 {[%clk 0:02:23]} e5
{[%clk 0:00:57]} 38. Qd6 {[%clk 0:01:33]} Nd7 {[%clk 0:00:36]} 39. c5 {[%clk
0:00:42]} Qf6 {[%clk 0:00:49]} 40. Qd5 {[%clk 0:00:38]} Qf1+ {[%clk 0:00:55]}
41. Kb2 {[%clk 0:01:07]} Qf4 {[%clk 0:01:18]} 42. c6 {[%clk 0:29:19]} bxc6
{[%clk 0:29:12]} 43. Qxc6+ {[%clk 0:29:47]} Kd8 {[%clk 0:29:41]} 44. Qa8+
{[%clk 0:29:24]} Ke7 {[%clk 0:30:09]} 45. Qxa7 {[%clk 0:29:22]} f5 {[%clk
0:29:28]} 46. a4 {[%clk 0:25:59]} e4 {[%clk 0:27:49]} 47. Qd4 {[%clk 0:24:05]}
Qe5 {[%clk 0:27:14]} 48. Kc3 {[%clk 0:22:06]} e3 {[%clk 0:23:51]} 49. Bd1
{[%clk 0:14:54]} Ke6 {[%clk 0:18:02]} 50. Qxe5+ {[%clk 0:12:30]} Kxe5 {[%clk
0:17:03]} 51. Kd3 {[%clk 0:12:24]} f4 {[%clk 0:17:15]} 52. b4 {[%clk 0:12:15]}
Nf6 {[%clk 0:09:37]} 53. a5 {[%clk 0:09:40]} Nd5 {[%clk 0:07:12]} 54. b5 {[%clk
0:07:38]} Nb4+ {[%clk 0:06:10]} 55. Kc4 {[%clk 0:05:51]} Ke4 {[%clk 0:02:48]}
56. Kxb4 {[%clk 0:05:59]} f3 {[%clk 0:03:06]} 57. Kc3 {[%clk 0:04:52]} e2
{[%clk 0:02:03]} 58. Bxe2 {[%clk 0:05:05]} fxe2 {[%clk 0:02:29]} 59. Kd2 {[%clk
0:05:33]} Kf3 {[%clk 0:01:59]} 60. Ke1 {[%clk 0:05:55]} *

[Event "DEM U16w 2021"]
[Site "Willingen GER"]
[Date "2021.08.23"]
[Round "1"]
[White "Wagner, Margarethe"]
[Black "Wörz, Ann-Sophie"]
[Result "1-0"]
[Termination "normal"]
[Board "5"]
[WhiteElo "1832"]
[BlackElo "1563"]
[WhiteClock "00:01:43"]
[BlackClock "00:00:32"]
[PlyCount "76"]
[WhiteFideId "16236947"]
[BlackFideId "16265890"]
[EventCountry "GER"]
[EventRounds "9"]
[EventType "swiss"]
[EventDate "2021.08.22"]

1. e4 {[%clk 1:30:57]} d5 {[%clk 1:30:56]} 2. exd5 {[%clk 1:31:12]} Qxd5 {[%clk
1:31:20]} 3. Nc3 {[%clk 1:31:15]} Qa5 {[%clk 1:31:41]} 4. d4 {[%clk 1:31:01]}
Nf6 {[%clk 1:31:52]} 5. Bc4 {[%clk 1:29:31]} Bf5 {[%clk 1:30:36]} 6. a3 {[%clk
1:23:16]} e6 {[%clk 1:24:55]} 7. Nge2 {[%clk 1:16:44]} Nbd7 {[%clk 1:18:43]} 8.
Bd2 {[%clk 1:13:12]} c6 {[%clk 1:13:58]} 9. O-O {[%clk 1:08:41]} Bd6 {[%clk
1:03:23]} 10. Nb5 {[%clk 0:54:40]} Bxh2+ {[%clk 0:57:44]} 11. Kxh2 {[%clk
0:52:47]} Qd8 {[%clk 0:50:55]} 12. Nd6+ {[%clk 0:48:53]} Kf8 {[%clk 0:49:25]}
13. Nxf5 {[%clk 0:45:31]} exf5 {[%clk 0:46:30]} 14. Kg1 {[%clk 0:41:41]} Ne4
{[%clk 0:37:59]} 15. Bb4+ {[%clk 0:34:30]} Kg8 {[%clk 0:35:21]} 16. Nf4 {[%clk
0:30:10]} g6 {[%clk 0:25:42]} 17. Qd3 {[%clk 0:20:02]} Qc7 {[%clk 0:17:31]} 18.
Ne2 {[%clk 0:16:45]} a5 {[%clk 0:15:13]} 19. Be1 {[%clk 0:16:46]} Rd8 {[%clk
0:14:26]} 20. Qb3 {[%clk 0:12:02]} Ndf6 {[%clk 0:11:59]} 21. f3 {[%clk
0:10:59]} Nd6 {[%clk 0:11:42]} 22. Bg3 {[%clk 0:10:29]} b5 {[%clk 0:06:54]} 23.
Bd3 {[%clk 0:09:50]} Nd5 {[%clk 0:05:02]} 24. Rfe1 {[%clk 0:09:07]} Qd7 {[%clk
0:03:45]} 25. Nf4 {[%clk 0:08:24]} Nf6 {[%clk 0:02:04]} 26. Bh4 {[%clk
0:06:31]} Nde8 {[%clk 0:01:11]} 27. c3 {[%clk 0:05:48]} Kg7 {[%clk 0:00:57]}
28. Re2 {[%clk 0:04:49]} h6 {[%clk 0:01:18]} 29. Bxf6+ {[%clk 0:04:58]} Nxf6
{[%clk 0:01:39]} 30. Rae1 {[%clk 0:04:34]} Rde8 {[%clk 0:00:51]} 31. Re5 {[%clk
0:02:31]} a4 {[%clk 0:00:33]} 32. Qc2 {[%clk 0:01:44]} Qd8 {[%clk 0:00:34]} 33.
Qe2 {[%clk 0:01:42]} Rxe5 {[%clk 0:00:32]} 34. dxe5 {[%clk 0:01:54]} Qb6+
{[%clk 0:00:51]} 35. Qf2 {[%clk 0:02:06]} Qxf2+ {[%clk 0:00:41]} 36. Kxf2
{[%clk 0:02:30]} Nd7 {[%clk 0:00:50]} 37. e6 {[%clk 0:01:52]} fxe6 {[%clk
0:00:37]} 38. Rxe6 {[%clk 0:01:43]} Rc8 {[%clk 0:00:32]} 1-0

[Event "DEM U16w 2021"]
[Site "Willingen GER"]
[Date "2021.08.23"]
[Round "1"]
[White "Derling, Charlotte"]
[Black "Reuter, Elisa"]
[Result "1/2-1/2"]
[Termination "normal"]
[Board "6"]
[BlackTitle "WCM"]
[WhiteElo "1432"]
[BlackElo "1845"]
[WhiteClock "00:08:47"]
[BlackClock "00:10:24"]
[PlyCount "105"]
[WhiteFideId "16222237"]
[BlackFideId "12995444"]
[EventCountry "GER"]
[EventRounds "9"]
[EventType "swiss"]
[EventDate "2021.08.22"]

1. e4 {[%clk 1:30:56]} c5 {[%clk 1:30:57]} 2. Nf3 {[%clk 1:31:13]} Nc6 {[%clk
1:31:24]} 3. d4 {[%clk 1:31:35]} cxd4 {[%clk 1:31:50]} 4. Nxd4 {[%clk 1:31:54]}
g6 {[%clk 1:32:18]} 5. Nc3 {[%clk 1:32:02]} Bg7 {[%clk 1:32:44]} 6. Be3 {[%clk
1:32:20]} Nf6 {[%clk 1:33:10]} 7. Bc4 {[%clk 1:31:52]} Qa5 {[%clk 1:33:24]} 8.
O-O {[%clk 1:31:47]} O-O {[%clk 1:33:50]} 9. Bb3 {[%clk 1:31:50]} d6 {[%clk
1:34:15]} 10. h3 {[%clk 1:31:49]} Bd7 {[%clk 1:34:38]} 11. Re1 {[%clk 1:31:31]}
Rac8 {[%clk 1:35:01]} 12. Nf3 {[%clk 1:30:19]} Qh5 {[%clk 1:33:45]} 13. Qe2
{[%clk 1:29:02]} h6 {[%clk 1:25:10]} 14. Rad1 {[%clk 1:25:27]} a6 {[%clk
1:18:22]} 15. Bb6 {[%clk 1:15:46]} Ne5 {[%clk 0:28:24]} 16. Nxe5 {[%clk
1:09:00]} Qxe5 {[%clk 0:25:37]} 17. Bd4 {[%clk 0:59:00]} Qa5 {[%clk 0:20:31]}
18. Nd5 {[%clk 0:54:41]} Nxd5 {[%clk 0:19:34]} 19. exd5 {[%clk 0:52:06]} Rfe8
{[%clk 0:13:14]} 20. Bxg7 {[%clk 0:51:01]} Kxg7 {[%clk 0:13:40]} 21. Qd2 {[%clk
0:41:17]} Qxd2 {[%clk 0:13:32]} 22. Rxd2 {[%clk 0:41:24]} Bb5 {[%clk 0:12:16]}
23. a4 {[%clk 0:34:09]} Bc4 {[%clk 0:10:24]} 24. Bxc4 {[%clk 0:33:41]} Rxc4
{[%clk 0:10:52]} 25. b3 {[%clk 0:33:14]} Rc3 {[%clk 0:10:49]} 26. Re4 {[%clk
0:29:30]} a5 {[%clk 0:08:20]} 27. Kf1 {[%clk 0:21:22]} Kf6 {[%clk 0:07:57]} 28.
Rf4+ {[%clk 0:20:05]} Kg7 {[%clk 0:08:23]} 29. Ke2 {[%clk 0:16:01]} Rec8 {[%clk
0:08:06]} 30. Kd1 {[%clk 0:14:43]} R8c5 {[%clk 0:07:27]} 31. Rfd4 {[%clk
0:13:20]} g5 {[%clk 0:05:27]} 32. R4d3 {[%clk 0:13:18]} Kf6 {[%clk 0:04:34]}
33. Rxc3 {[%clk 0:12:47]} Rxc3 {[%clk 0:05:00]} 34. Kc1 {[%clk 0:11:17]} Rc7
{[%clk 0:03:53]} 35. Re2 {[%clk 0:10:31]} e6 {[%clk 0:04:00]} 36. dxe6 {[%clk
0:09:07]} fxe6 {[%clk 0:04:27]} 37. Re4 {[%clk 0:07:37]} d5 {[%clk 0:04:33]}
38. Rd4 {[%clk 0:07:00]} Ke5 {[%clk 0:04:20]} 39. Rd3 {[%clk 0:05:51]} Rf7
{[%clk 0:04:11]} 40. f3 {[%clk 0:04:35]} Rc7 {[%clk 0:03:46]} 41. Re3+ {[%clk
0:03:14]} Kd6 {[%clk 0:01:30]} 42. Kd2 {[%clk 0:02:43]} e5 {[%clk 0:01:17]} 43.
c3 {[%clk 0:29:21]} Rf7 {[%clk 0:27:30]} 44. Re1 {[%clk 0:24:35]} Rf4 {[%clk
0:24:20]} 45. Rf1 {[%clk 0:22:48]} Rf8 {[%clk 0:19:34]} 46. Rb1 {[%clk
0:21:47]} Rf4 {[%clk 0:14:37]} 47. Rf1 {[%clk 0:21:21]} h5 {[%clk 0:12:53]} 48.
g3 {[%clk 0:20:00]} Rf7 {[%clk 0:12:32]} 49. Ke3 {[%clk 0:18:54]} Ke6 {[%clk
0:10:49]} 50. Rb1 {[%clk 0:09:41]} Rc7 {[%clk 0:10:35]} 51. Kd3 {[%clk
0:09:11]} Rf7 {[%clk 0:10:20]} 52. Ke3 {[%clk 0:09:16]} Rc7 {[%clk 0:10:24]}
53. Kd3 {[%clk 0:08:47]} 1/2-1/2